| 000 | 00678cam a22002413a 4500 | ||
|---|---|---|---|
| 001 | 25267 | ||
| 003 | PGUSA | ||
| 005 | 20140828083537.0 | ||
| 008 | 080430s2008||||xxu|||||s|||||000 | eng d | ||
| 040 |
_aPGUSA _beng |
||
| 042 | _adc | ||
| 050 | 4 | _aQB | |
| 100 | 1 |
_aFlammarion, Camille, _d1842-1925 |
|
| 245 | 1 | 0 |
_aAstronomy for Amateurs _h[electronic resource] / _cCamille Flammarion |
| 260 |
_bProject Gutenberg, _c2008 |
||
| 506 | _aPublic domain in the USA. | ||
| 516 | _aElectronic text | ||
| 653 | _aAstronomy | ||
| 700 | 1 |
_aWelby, Frances A. _q(Frances Alice) |
|
| 830 | 0 |
_aProject Gutenberg _v25267 |
|
| 856 | 4 | 0 | _uhttp://www.gutenberg.org/ebooks/25267 |
| 942 | _cEB | ||
| 999 |
_c254522 _d254522 |
||